000 00307nam a22001337a 4500
008 171023b xxu||||| |||| 00| 0 eng d
020 _a9780965857604
041 _aeng
080 _a311
100 _a55
101 _aSTA
245 _aSTATISTICS FOR BUSINESS AND ECONOMICS
_cBECKER,W.E
942 _2udc
_cBK
999 _c35589
_d35589